00802 a2200265 4500041000800000082001400008100002000022245005200042250001200094260002900106260000900135300001400144504002800158518001300186530000600199650002100205650001500226650002200241650002400263653001500287942001300302999001700315952010300332952010100435 aEng a150bM926 aMunn, Norman L. aPsychology the fundamentals of human adjustment a2nd edn aLondonbGeorge G. Harrap cN.d. axvi,624p. aBibliography: p.603-605 a20040215 aM aLearning process aMotivation aSocial psychology aBehavioural science aPsychology cGEN2ddc c31007d31007 00102ddc4070aTUCLbTUCLd2010-06-20l0o150 M926pG55619r2010-06-20 00:00:00w2010-06-20yGEN 00102ddc4070aTUCLbTUCLd2013-06-28l0o150 M926p3276r2013-06-28 00:00:00w2013-06-28yGEN